| 000 | 00992nam a2200241 a 4500 | ||
|---|---|---|---|
| 001 | 000027135 | ||
| 003 | OSt | ||
| 005 | 20201214130639.0 | ||
| 007 | ta | ||
| 008 | 110329e1978 dr c re s000 0 spa d | ||
| 040 |
_aDO-SdBNP _bspa _cBNPHU |
||
| 041 | _hspa | ||
| 049 | _aBNPD | ||
| 082 |
_aBNPHU-xxxx _bR426d |
||
| 110 | 1 |
_aRepública Dominicana . _bSecretariado Técnico de la Presidencia de la República : _eOficina Nacional de Presupuesto. Departamento de programación y estudios presupuestarios _954198 |
|
| 245 | 1 | 0 |
_a10 años de construcción : _brelación de obras construidas por el gobierno central 1966-1976. |
| 246 | 1 | 0 | _aDiez años de construcción |
| 260 |
_aSanto Domingo : _bSecretariado Técnico de la Presidencia de la República, _c1978. |
||
| 300 |
_a139 p. : _bil. retrs. , 14 lam. ; _c29 cm. |
||
| 500 | _aContiene índice de provincias.- | ||
| 500 | _aContiene resumen de las obras por provincias dese 1966 hasta el 31 de diciembre de 1976.- | ||
| 942 |
_2ddc _cLBS1 |
||
| 999 |
_c26627 _d26627 |
||